书目信息 |
| 题名: |
农民工权益保护常见法律问题100例
|
|
| 作者: | 孙瑞玺 编著 | |
| 分册: | ||
| 出版信息: | 北京 中国人民大学出版社 2011.08 |
|
| 页数: | 188页 | |
| 开本: | 21cm | |
| 丛书名: | 村官学法丛书 | |
| 单 册: | ||
| 中图分类: | D922.504 | |
| 科图分类: | ||
| 主题词: | 民工--劳动就业--劳动法--基本知识--中国 , 民工 , 劳动就业 , 劳动法 | |
| 电子资源: | ||
| ISBN: | 978-7-300-13961-6 | |
| 000 | 01028nam0 2200289 450 | |
| 001 | 005495446 | |
| 005 | 20130609081948.12 | |
| 010 | @a978-7-300-13961-6@dCNY18.00 | |
| 035 | @a005495446 | |
| 100 | @a20111129d2011 em y0chiy0110 ea | |
| 101 | 0 | @achi |
| 102 | @aCN@b110000 | |
| 105 | @ay z 000yy | |
| 106 | @ar | |
| 200 | 1 | @a农民工权益保护常见法律问题100例@9nong min gong quan yi bao hu chang jian fa lv wen ti 100 li@f孙瑞玺编著 |
| 210 | @a北京@c中国人民大学出版社@d2011.08 | |
| 215 | @a188页@d21cm | |
| 225 | 1 | @a村官学法丛书@f房绍坤主编 |
| 330 | @a本书主要面向大学生村官岗前培训,以问题与案例相结合的形式呈现,列举了一百个农民工权益保护常见法律问题,包括:农民工劳动权益受到侵害怎么办、用人单位收取农民工押金的该怎么办、用人单位强迫农民工劳动的该怎么办等。 | |
| 606 | 0 | @a民工@x劳动就业@x劳动法@x基本知识@y中国 |
| 606 | 0 | @a民工 |
| 606 | 0 | @a劳动就业 |
| 606 | 0 | @a劳动法 |
| 690 | @aD922.504@v4 | |
| 701 | 0 | @a孙瑞玺@9sun rui xi@f(1965~)@4编著 |
| 801 | 0 | @aCN@bNLC@c20120120 |
| 905 | @dD922.504@e1029 | |
| 农民工权益保护常见法律问题100例/孙瑞玺编著.-北京:中国人民大学出版社,2011.08 |
| 188页;21cm.-(村官学法丛书/房绍坤主编) |
| ISBN 978-7-300-13961-6:CNY18.00 |
| 本书主要面向大学生村官岗前培训,以问题与案例相结合的形式呈现,列举了一百个农民工权益保护常见法律问题,包括:农民工劳动权益受到侵害怎么办、用人单位收取农民工押金的该怎么办、用人单位强迫农民工劳动的该怎么办等。 |
| ● |
| 相关链接 |
|
|
|
|
正题名:农民工权益保护常见法律问题100例
索取号:D922.504/1029
 
预约/预借
| 序号 | 登录号 | 条形码 | 馆藏地/架位号 | 状态 | 备注 |
| 1 | 0545921 | 205459216 | 第一样本阅览室/ [索取号:D922.504/1029] | 在馆 | |
| 2 | 0545922 | 205459225 | 第一借阅区/ [索取号:D922.504/1029] | 在馆 | |
| 3 | 0545923 | 205459234 | 第一借阅区/ [索取号:D922.504/1029] | 在馆 | |
| 4 | 0545924 | 205459243 | 第一借阅区/ [索取号:D922.504/1029] | 在馆 | |
| 5 | 0545925 | 205459252 | 第一借阅区/ [索取号:D922.504/1029] | 在馆 |